| 000 | 00424nam a2200157Ia 4500 | ||
|---|---|---|---|
| 008 | 230917s9999||||xx |||||||||||||| ||und|| | ||
| 040 |
_e143196 _aMAIN |
||
| 041 | _aEnglish | ||
| 082 | _a330.1543 K849T | ||
| 100 | _aKoutsoyiannis, A | ||
| 245 | 0 | _aTheory of econometrics: An introductory exposition of econometric methods | |
| 250 | _a2nd ed. | ||
| 260 |
_aNew York _bPalgrave _c2005 |
||
| 300 | _a681 p. | ||
| 942 | _cBK | ||
| 999 |
_c154474 _d154474 |
||